00997nam a22002657a 450000500170000001000280001702000260004503500130007103500170008403500130010103700250011403700130013908200100015210000220016224501350018426000430031927000370036230000290039950000670042865000560049565000500055165000510060165000450065265000340069720170612110333.0 aBAC-EN21 ENG-111477 a9780062328793c399.00 aEN-95009 aB-583528-553 aB-670034 adplbPansy Books/Ven aDBAD/PUB a616.3 aJunger, Alejandro aClean gut :bthe breakthrough plan for eliminating the root cause of disease and revolutionizing your health/cby Alejandro Junger aNoidabHarper Collins Publishersc2013 a11.5/14 Abode Jenson Pro,bNoida a242p. :c22cm(pbk)bill. aIncludes bibliographical references (pages 215-225) and index. aGastrointestinal system xDiseases vPopular works. a Digestive organs xDiseases vPopular works. aChronic diseases xPrevention vPopular works. a HEALTH & FITNESS / Diseases / Abdominal a MEDICAL / Holistic Medicine.